[Event "ROM-chT2"]
[Site "Slanic Moldova"]
[Date "2017.10.04"]
[Round "5.2"]
[White "Ciobanu, Viorel Adrian"]
[Black "Demeny, Nicolae"]
[Result "1-0"]
[WhiteElo "2192"]
[BlackElo "2282"]
[PlyCount "85"]
[EventDate "2017.09.30"]
[EventType "team-tourn"]
[EventRounds "9"]
[EventCountry "ROU"]
[SourceTitle "CBM 181 Extra"]
[Source "ChessBase"]
[SourceDate "2017.12.12"]
[SourceVersion "1"]
[SourceVersionDate "2017.12.12"]
[SourceQuality "1"]
[WhiteTeam "Galati Diana"]
[BlackTeam "Brasov CSU"]
[WhiteTeamCountry "ROU"]
[BlackTeamCountry "ROU"]

1. e4 e5 2. Nf3 Nf6 3. Nxe5 d6 4. Nf3 Nxe4 5. d4 d5 6. Bd3 Be7 7. 0-0 0-0 8. c4 c6 9. Nc3 Nf6 10. h3 dxc4 11. Bxc4 Nbd7 12. Re1 Nb6 13. Bb3 Nfd5 14. Ne4 Bf5 15. Bd2 a5 16. a3 a4 17. Ba2 Re8 18. Ne5 f6 19. Ng3 Bc8 20. Nd3 Bf8 21. Qf3 Be6 22. Nc5 Bxc5 23. dxc5 Nd7 24. Ne4 Bf7 25. Nd6 Rxe1+ 26. Rxe1 Nxc5 27. Nxf7 Kxf7 28. Bb4 b6 29. Qh5+ Kg8 30. Bb1 h6 31. Qf5 Ne7 32. Qh7+ Kf7 33. Ba2+ Nd5 34. Bxc5 bxc5 35. Rd1 Rb8 36. Bb1 Qg8 37. Qf5 Rd8 38. Re1 g6 39. Qe6+ Kg7 40. Qxc6 Qf8 41. Qxa4 Qd6 42. Rd1 Qe7 43. Qe4 1-0

[Event "ROM-chT2"]
[Site "Slanic Moldova"]
[Date "2017.10.02"]
[Round "3.2"]
[White "Suciu, Dinu Simi"]
[Black "Demeny, Nicolae"]
[Result "1/2-1/2"]
[WhiteElo "2160"]
[BlackElo "2282"]
[PlyCount "20"]
[EventDate "2017.09.30"]
[EventType "team-tourn"]
[EventRounds "9"]
[EventCountry "ROU"]
[SourceTitle "CBM 181 Extra"]
[Source "ChessBase"]
[SourceDate "2017.12.12"]
[SourceVersion "1"]
[SourceVersionDate "2017.12.12"]
[SourceQuality "1"]
[WhiteTeam "Resita Muncitorul"]
[BlackTeam "Brasov CSU"]
[WhiteTeamCountry "ROU"]
[BlackTeamCountry "ROU"]

1. e4 c5 2. Nf3 Nc6 3. b3 Nf6 4. e5 Ng4 5. Bb2 d5 6. h3 Nh6 7. g4 Ng8 8. Bg2 h5 9. g5 Bf5 10. Nh4 e6 1/2-1/2